[Event "Montreal Mercredi 02"]
[Site "Montreal"]
[Date "2013.03.13"]
[Round "4"]
[White "Weston, Paul"]
[Black "Lopez Linares, Lizandro Fernando"]
[Result "1/2-1/2"]
[WhiteElo "2020"]
[BlackElo "2015"]
[PlyCount "90"]
[EventDate "2013.02.20"]
[EventType "swiss"]
[EventRounds "5"]
[EventCountry "CAN"]
[SourceTitle "EXT 2014"]
[Source "ChessBase"]
[SourceDate "2013.11.20"]
[SourceVersion "1"]
[SourceVersionDate "2013.11.20"]
[SourceQuality "1"]

1. e4 c6 2. d4 d5 3. e5 Bf5 4. Nf3 e6 5. Be2 Nd7 6. 0-0 Rc8 7. c3 c5 8. Be3 Qc7 9. dxc5 Bxc5 10. Bxc5 Qxc5 11. Qd4 Ne7 12. Qxc5 Rxc5 13. Nbd2 0-0 14. Nb3 Rc7 15. Bb5 Nc5 16. Nxc5 Rxc5 17. Nd4 Rfc8 18. f4 Be4 19. g4 g6 20. Rf2 a6 21. Ba4 b5 22. Bc2 Bxc2 23. Nxc2 Rc4 24. a3 Nc6 25. Nb4 a5 26. Nxc6 R8xc6 27. Rd1 b4 28. axb4 axb4 29. cxb4 Rxb4 30. h3 Re4 31. g5 Rcc4 32. Rdf1 Kf8 33. Kg2 Ke7 34. Kg3 Kd7 35. Ra1 Ra4 36. Rxa4 Rxa4 37. Rc2 Rb4 38. h4 Rb3+ 39. Kg4 Re3 40. h5 d4 41. Rc4 d3 42. hxg6 hxg6 43. b4 Ke7 44. Rd4 Ke8 45. b5 d2 1/2-1/2

[Event "Quebec-ch classe"]
[Site "Montreal"]
[Date "2013.01.20"]
[Round "5.6"]
[White "Weston, Paul"]
[Black "Cardona, Misael"]
[Result "0-1"]
[WhiteElo "2010"]
[BlackElo "2031"]
[PlyCount "98"]
[EventDate "2013.01.18"]
[EventType "swiss"]
[EventRounds "5"]
[EventCountry "CAN"]
[SourceTitle "EXT 2022"]
[Source "ChessBase"]
[SourceDate "2021.10.06"]
[SourceVersion "1"]
[SourceVersionDate "2021.10.06"]
[SourceQuality "1"]

1. e4 c5 2. Nf3 d6 3. d4 cxd4 4. Nxd4 Nf6 5. Nc3 e6 6. Bg5 a6 7. f4 b5 8. e5 dxe5 9. fxe5 Qc7 10. Qe2 Nfd7 11. 0-0-0 Nc6 12. Nd5 exd5 13. e6 Nf6 14. Bxf6 gxf6 15. exf7+ Kxf7 16. Qh5+ Kg7 17. Qxd5 Nxd4 18. Rxd4 Bc5 19. Rd3 Bg4 20. Rg3 h5 21. Bd3 Bd6 22. Qf5 Bf4+ 23. Kb1 Qe5 24. Qg6+ Kf8 25. Rf1 Rh6 26. Qe4 Qxe4 27. Bxe4 Bxg3 28. Bxa8 Bxh2 29. a4 bxa4 30. Bc6 f5 31. Bxa4 h4 32. Re1 f4 33. Re8+ Kf7 34. Ra8 Rd6 35. c4 f3 36. gxf3 Bxf3 37. Ra7+ Kf6 38. c5 Re6 39. Bd7 Re1+ 40. Kc2 Bf4 41. Rxa6+ Ke7 42. c6 Bg2 43. Ra4 Rc1+ 44. Kd3 Bg3 45. Ra7 Kd6 46. b4 h3 47. Bxh3 Bxh3 48. b5 Bf1+ 49. Kd2 Bf4# 0-1

[Event "Montreal Varennes op"]
[Site "Montreal"]
[Date "2012.11.18"]
[Round "5"]
[White "Girouard, Michel"]
[Black "Weston, Paul"]
[Result "0-1"]
[WhiteElo "1874"]
[BlackElo "1994"]
[PlyCount "62"]
[EventDate "2012.11.16"]
[EventType "swiss"]
[EventRounds "5"]
[EventCountry "CAN"]
[SourceTitle "EXT 2022"]
[Source "ChessBase"]
[SourceDate "2021.10.06"]
[SourceVersion "1"]
[SourceVersionDate "2021.10.06"]
[SourceQuality "1"]

1. Nf3 c5 2. c4 g6 3. g3 Bg7 4. Bg2 Nc6 5. 0-0 d6 6. Nc3 e5 7. d3 Nge7 8. Rb1 0-0 9. a3 a5 10. Bd2 h6 11. Nb5 f5 12. e4 g5 13. h3 Ng6 14. Nh2 f4 15. g4 Nd4 16. Nxd4 exd4 17. f3 a4 18. b4 axb3 19. Qxb3 Ra7 20. Rf2 Bd7 21. Bc1 Bc6 22. Ra2 Qa8 23. Bf1 Ne5 24. Be2 Bf6 25. Rba1 Ba4 26. Qb1 Rb8 27. Bd2 Bd8 28. Be1 Kg7 29. Bd1 b5 30. Rb2 Bxd1 31. Qxd1 bxc4 0-1

[Event "Montreal Mercredi 08"]
[Site "Montreal"]
[Date "2012.09.19"]
[Round "4"]
[White "Ramaswamy, Kiran"]
[Black "Weston, Paul"]
[Result "0-1"]
[WhiteElo "1912"]
[BlackElo "2006"]
[PlyCount "68"]
[EventDate "2012.08.29"]
[EventType "swiss"]
[EventRounds "5"]
[EventCountry "CAN"]
[SourceTitle "EXT 2022"]
[Source "ChessBase"]
[SourceDate "2021.10.06"]
[SourceVersion "1"]
[SourceVersionDate "2021.10.06"]
[SourceQuality "1"]

1. c4 e6 2. Nf3 d5 3. b3 Nf6 4. g3 c5 5. Bg2 Nc6 6. 0-0 d4 7. d3 Be7 8. e4 e5 9. Nh4 g6 10. h3 Be6 11. Kh2 h5 12. Nd2 Ng4+ 13. hxg4 Bxh4 14. gxh4 Qxh4+ 15. Kg1 hxg4 16. f4 Qh2+ 17. Kf2 g3+ 18. Ke1 Qxg2 19. Qf3 Qxf3 20. Nxf3 Bg4 21. Nxe5 Nxe5 22. fxe5 Rh2 23. Rg1 Re2+ 24. Kf1 Rf2+ 25. Ke1 Rf3 26. Kd2 Kd7 27. Ba3 Rf2+ 28. Ke1 b6 29. Rxg3 Rh2 30. Bc1 Be6 31. Kf1 Rah8 32. Bf4 R8h4 33. Bg5 Rh1+ 34. Rg1 Rxg1+ 0-1

[Event "Montreal Mercredi 08"]
[Site "Montreal"]
[Date "2012.09.12"]
[Round "3"]
[White "Weston, Paul"]
[Black "Giroux, Robert"]
[Result "1/2-1/2"]
[WhiteElo "1912"]
[BlackElo "1870"]
[PlyCount "147"]
[EventDate "2012.08.29"]
[EventType "swiss"]
[EventRounds "5"]
[EventCountry "CAN"]
[SourceTitle "EXT 2022"]
[Source "ChessBase"]
[SourceDate "2021.10.06"]
[SourceVersion "1"]
[SourceVersionDate "2021.10.06"]
[SourceQuality "1"]

1. d4 d6 2. g3 Nf6 3. Bg2 c6 4. Nf3 Bg4 5. Nbd2 e6 6. 0-0 Be7 7. c4 Nbd7 8. Qb3 Qb6 9. Qxb6 axb6 10. b3 0-0 11. e4 Ra5 12. Bb2 Rfa8 13. a4 d5 14. e5 Ne8 15. Bc3 R5a7 16. cxd5 exd5 17. Rfe1 Nc7 18. Bf1 Bf5 19. h3 h6 20. Nh2 b5 21. axb5 Rxa1 22. Rxa1 Rxa1 23. Bxa1 Nxb5 24. Bxb5 cxb5 25. g4 Bc2 26. f4 Bb4 27. Nhf1 Nb8 28. Kf2 Nc6 29. Ke2 Na5 30. Ne3 Bxd2 31. Kxd2 Bxb3 32. Kc3 Bc4 33. Kb4 Nb3 34. Bc3 b6 35. Bb2 Nd2 36. h4 Ne4 37. f5 Kf8 38. Bc3 Ke8 39. Be1 Kd7 40. Ng2 Kc6 41. Nf4 Bf1 42. e6 fxe6 43. Nxe6 Bh3 44. g5 hxg5 45. hxg5 Bxf5 46. Nxg7 Bg4 47. Bh4 Nd2 48. Bf2 Ne4 49. Be3 Nd6 50. Bf4 Nf5 51. Ne6 Bh5 52. Be5 Ne7 53. Bf6 Ng8 54. Nf4 Be8 55. Bd8 Bf7 56. g6 Be8 57. Bg5 Kd6 58. Bd8 Kc6 59. g7 Bf7 60. Bg5 Be8 61. Ne2 Kd6 62. Nf4 Kc6 63. Nd3 Kd6 64. Nf4 Kc6 65. Kc3 Kd6 66. Kb3 Bf7 67. Ka3 Be8 68. Ng2 Ke6 69. Ne3 Bc6 70. Kb4 Kf7 71. Nf5 Kg6 72. Ne7+ Nxe7 73. Bxe7 Kxg7 74. Bd8 1/2-1/2

[Event "Montreal Mercredi 02"]
[Site "Montreal"]
[Date "2012.02.29"]
[Round "2"]
[White "Weston, Paul"]
[Black "Lacroix, Serge"]
[Result "1-0"]
[WhiteElo "1878"]
[BlackElo "1858"]
[PlyCount "85"]
[EventDate "2012.02.22"]
[EventType "swiss"]
[EventRounds "5"]
[EventCountry "CAN"]
[SourceTitle "EXT 2022"]
[Source "ChessBase"]
[SourceDate "2021.10.06"]
[SourceVersion "1"]
[SourceVersionDate "2021.10.06"]
[SourceQuality "1"]

1. Nf3 Nf6 2. c4 g6 3. g3 Bg7 4. Bg2 0-0 5. 0-0 c5 6. Nc3 Nc6 7. b3 d5 8. cxd5 Nxd5 9. Bb2 Nxc3 10. Bxc3 Bxc3 11. dxc3 Qxd1 12. Raxd1 b6 13. Ng5 Bb7 14. Rd7 Rab8 15. Rxb7 Rxb7 16. Bxc6 Rc7 17. Bb5 h6 18. Nf3 Rd8 19. Bc4 Kg7 20. a4 f6 21. e4 Rcd7 22. Re1 g5 23. h3 Rd6 24. Kg2 Rd1 25. Re2 Rc1 26. Re3 h5 27. g4 hxg4 28. hxg4 Rb1 29. e5 Rd7 30. exf6+ exf6 31. Re8 Rc1 32. Re3 Rc2 33. Ng1 Rc1 34. Ne2 Rb1 35. Ng3 Rc1 36. Nh5+ Kf8 37. Nxf6 Rdd1 38. Re8+ Kg7 39. Nh5+ Kh7 40. Re7+ Kh8 41. Re3 Kh7 42. Bd3+ Kh6 43. Re6# 1-0

[Event "Montreal Mercredi 11"]
[Site "Montreal"]
[Date "2011.11.16"]
[Round "1"]
[White "Weston, Paul"]
[Black "Morin, Louis"]
[Result "1/2-1/2"]
[WhiteElo "1879"]
[BlackElo "1846"]
[PlyCount "98"]
[EventDate "2011.11.16"]
[EventType "swiss"]
[EventRounds "5"]
[EventCountry "CAN"]
[SourceTitle "EXT 2022"]
[Source "ChessBase"]
[SourceDate "2021.10.06"]
[SourceVersion "1"]
[SourceVersionDate "2021.10.06"]
[SourceQuality "1"]

1. f4 d6 2. Nf3 Nf6 3. b3 g6 4. Bb2 Bg7 5. e3 0-0 6. Be2 Nc6 7. 0-0 Re8 8. Qe1 e5 9. fxe5 dxe5 10. Qh4 Nh5 11. Qxd8 Nxd8 12. Ng5 h6 13. Ne4 Bf5 14. Nbc3 Bxe4 15. Nxe4 Re6 16. Rf2 Nf6 17. Nxf6+ Rxf6 18. Bf3 e4 19. Bxf6 Bxf6 20. Raf1 exf3 21. Rxf3 Bg7 22. g4 a5 23. Rf4 b5 24. a4 c6 25. h4 Ra7 26. axb5 cxb5 27. c4 Ne6 28. Re4 Nc5 29. Re8+ Kh7 30. cxb5 Nxb3 31. d4 Nxd4 32. exd4 Bxd4+ 33. Kg2 a4 34. Re2 a3 35. Ra2 Bb2 36. Rxb2 axb2 37. Rb1 Kg7 38. b6 Rb7 39. Rxb2 Kf6 40. Kf3 Ke5 41. h5 Kd5 42. Kf4 Kc6 43. Ke5 Rxb6 44. Rxb6+ Kxb6 45. Kf6 gxh5 46. gxh5 Kc6 47. Kxf7 Kd7 48. Kg7 Ke7 49. Kxh6 Kf8 1/2-1/2

[Event "Montreal Mercredi 08"]
[Site "Montreal"]
[Date "2011.09.21"]
[Round "4"]
[White "Gauthier, Denis"]
[Black "Weston, Paul"]
[Result "1-0"]
[WhiteElo "1860"]
[BlackElo "1879"]
[PlyCount "45"]
[EventDate "2011.08.31"]
[EventType "swiss"]
[EventRounds "5"]
[EventCountry "CAN"]
[SourceTitle "EXT 2022"]
[Source "ChessBase"]
[SourceDate "2021.10.06"]
[SourceVersion "1"]
[SourceVersionDate "2021.10.06"]
[SourceQuality "1"]

1. d4 d5 2. c4 e6 3. Nc3 Nf6 4. cxd5 exd5 5. Bg5 Nbd7 6. e3 Bb4 7. Bd3 c5 8. Nge2 0-0 9. Rc1 c4 10. Bf5 Re8 11. 0-0 Nb6 12. Bb1 Bg4 13. f3 Bd7 14. e4 h6 15. Bh4 g5 16. Bg3 dxe4 17. fxe4 Bf8 18. e5 Nfd5 19. Qc2 Bg7 20. Qh7+ Kf8 21. Rxf7+ Kxf7 22. Rf1+ Nf6 23. exf6 1-0

[Event "Montreal Mercredi 08"]
[Site "Montreal"]
[Date "2011.08.31"]
[Round "1"]
[White "Valle, Ricardo"]
[Black "Weston, Paul"]
[Result "1-0"]
[WhiteElo "1947"]
[BlackElo "1879"]
[PlyCount "101"]
[EventDate "2011.08.31"]
[EventType "swiss"]
[EventRounds "5"]
[EventCountry "CAN"]
[SourceTitle "EXT 2022"]
[Source "ChessBase"]
[SourceDate "2021.10.06"]
[SourceVersion "1"]
[SourceVersionDate "2021.10.06"]
[SourceQuality "1"]

1. g3 e5 2. Bg2 Nf6 3. d3 d5 4. Nf3 Nc6 5. 0-0 Be7 6. Bg5 0-0 7. Nc3 Be6 8. e4 dxe4 9. dxe4 Qxd1 10. Raxd1 Rfd8 11. Bxf6 Bxf6 12. Nd5 Bxd5 13. exd5 Nb4 14. c3 Nxd5 15. Rfe1 Nb6 16. Rxd8+ Rxd8 17. Nxe5 Bxe5 18. Rxe5 Rd1+ 19. Bf1 Kf8 20. Kg2 Rd2 21. Re2 Rxe2 22. Bxe2 Na4 23. Kf3 Nxb2 24. Ke4 Na4 25. Kd4 c5+ 26. Kc4 b5+ 27. Kb3 a6 28. c4 Nb6 29. cxb5 axb5 30. Bxb5 Ke7 31. a4 Kd6 32. a5 Nc8 33. Kc4 Na7 34. f4 f6 35. Ba4 g5 36. Bc2 h6 37. Be4 Nc8 38. Bb7 Na7 39. a6 f5 40. h4 gxf4 41. gxf4 h5 42. Bf3 Nc8 43. Bxh5 Kc6 44. Bf3+ Kb6 45. Be2 Kxa6 46. h5 Kb6 47. h6 Nd6+ 48. Kd5 Nf7 49. h7 Kc7 50. Ke6 Nh8 51. Kf6 1-0

[Event "Quebec op"]
[Site "Montreal"]
[Date "2011.07.30"]
[Round "9"]
[White "Barre, Michel"]
[Black "Weston, Paul"]
[Result "0-1"]
[WhiteElo "1854"]
[BlackElo "1883"]
[PlyCount "58"]
[EventDate "2011.07.23"]
[EventType "swiss"]
[EventRounds "9"]
[EventCountry "CAN"]
[SourceTitle "EXT 2022"]
[Source "ChessBase"]
[SourceDate "2021.10.06"]
[SourceVersion "1"]
[SourceVersionDate "2021.10.06"]
[SourceQuality "1"]

1. e4 d5 2. exd5 Nf6 3. d4 Nxd5 4. c4 Nb6 5. Nc3 Nc6 6. Be3 Bf5 7. a3 e6 8. Nf3 Be7 9. h3 0-0 10. Bd3 Bxd3 11. Qxd3 Na5 12. Nd2 c5 13. Ne2 cxd4 14. Bf4 Nc6 15. Rc1 e5 16. Bh2 f5 17. 0-0 e4 18. Qb3 Kh8 19. Nf4 d3 20. c5 Nd4 21. Qd1 Nd5 22. Rc4 Nxf4 23. Kh1 Nfe2 24. Be5 Bg5 25. Nb3 Nxb3 26. Qxb3 Qd5 27. Bc3 e3 28. Qb4 Nxc3 29. Qxc3 e2 0-1

[Event "Quebec op"]
[Site "Montreal"]
[Date "2011.07.28"]
[Round "7"]
[White "Weston, Paul"]
[Black "Zhang, Yuanchen"]
[Result "0-1"]
[WhiteElo "1883"]
[BlackElo "1832"]
[PlyCount "52"]
[EventDate "2011.07.23"]
[EventType "swiss"]
[EventRounds "9"]
[EventCountry "CAN"]
[SourceTitle "EXT 2022"]
[Source "ChessBase"]
[SourceDate "2021.10.06"]
[SourceVersion "1"]
[SourceVersionDate "2021.10.06"]
[SourceQuality "1"]

1. e4 c5 2. Nf3 e6 3. d4 cxd4 4. Nxd4 Nf6 5. Nc3 Nc6 6. Ndb5 Bb4 7. a3 Bxc3+ 8. Nxc3 d5 9. exd5 exd5 10. Be2 d4 11. Nb1 h6 12. 0-0 0-0 13. Bf4 Bf5 14. Bd3 Qd5 15. f3 Rfe8 16. b3 Bxd3 17. cxd3 Qf5 18. Qd2 Nd5 19. Bg3 Re3 20. Bf2 Rxd3 21. Qb2 Nf4 22. Nd2 Qg5 23. Bg3 Ne2+ 24. Kh1 Nxg3+ 25. hxg3 Qxd2 26. Qxd2 Rxd2 0-1